LIBRARY & INFORMATION CENTRE, KCAET, TAVANUR

ONLINE PUBLIC ACCESS CATALOGUE (OPAC)

Buildings of the modern world : The childhood of the wester nations, Book 1 / (Record no. 424)

MARC details
000 -LEADER
fixed length control field 00398cam a2200145ua 4500
041 ## - LANGUAGE CODE
Language code of text/sound track or separate title eng
082 ## - DEWEY DECIMAL CLASSIFICATION NUMBER
Classification number 930
Item number BRE/BU
100 ## - MAIN ENTRY--AUTHOR NAME
Personal name Brendon, J A .
245 ## - TITLE STATEMENT
Title Buildings of the modern world : The childhood of the wester nations, Book 1 /
260 ## - PUBLICATION, DISTRIBUTION, ETC. (IMPRINT)
Place of publication London :
Name of publisher Edward Arnold ,
Year of publication 1955.
300 ## - PHYSICAL DESCRIPTION
Number of Pages 192 ; .
942 ## - ADDED ENTRY ELEMENTS (KOHA)
Koha item type Books
Holdings
Withdrawn status Lost status Damaged status Home library Current library Date acquired Full call number Accession Number Koha item type
Withdrawn     KAUAET Sanskrit University 07/04/2012 930 3971 Books
free website counter